Improving school administration / (Record no. 128235)
[ view plain ]
| 000 -LEADER | |
|---|---|
| fixed length control field | 00915nam a22002657a 4500 |
| 003 - CONTROL NUMBER IDENTIFIER | |
| control field | dpl |
| 005 - DATE AND TIME OF LATEST TRANSACTION | |
| control field | 20180602165240.0 |
| 008 - FIXED-LENGTH DATA ELEMENTS--GENERAL INFORMATION | |
| fixed length control field | 180602b xxu||||| |||| 00| 0 eng d |
| 010 ## - LIBRARY OF CONGRESS CONTROL NUMBER | |
| LC control number | B-092561 |
| 020 ## - INTERNATIONAL STANDARD BOOK NUMBER | |
| Terms of availability | 500.00 |
| International Standard Book Number | 8171416330 |
| 035 ## - SYSTEM CONTROL NUMBER | |
| System control number | B-092561, B-042562 |
| 037 ## - SOURCE OF ACQUISITION | |
| Source of stock number/acquisition | Cen Lib/Ret |
| 040 ## - CATALOGING SOURCE | |
| Original cataloging agency | DPL |
| Language of cataloging | EN |
| Transcribing agency | 0 |
| 082 ## - DEWEY DECIMAL CLASSIFICATION NUMBER | |
| Classification number | 371.2 |
| Item number | EDI |
| 100 ## - MAIN ENTRY--PERSONAL NAME | |
| Personal name | Ediger, Marlow |
| 9 (RLIN) | 22774 |
| 245 ## - TITLE STATEMENT | |
| Title | Improving school administration / |
| Statement of responsibility, etc | by Marlow Ediger [and] Digumarti Bhaskara Rao |
| 260 ## - PUBLICATION, DISTRIBUTION, ETC. (IMPRINT) | |
| Place of publication, distribution, etc | New Delhi |
| Name of publisher, distributor, etc | Discovery Publishing House |
| Date of publication, distribution, etc | 2003 |
| 270 ## - ADDRESS | |
| Address | 4831/24, Ansari Road, Prahlad Street Darya Ganj |
| City | New Delhi |
| Postal code | 110002 |
| 300 ## - PHYSICAL DESCRIPTION | |
| Extent | 230p. |
| Dimensions | 22cm(Hb) |
| 500 ## - GENERAL NOTE | |
| General note | Includes index |
| 650 ## - SUBJECT ADDED ENTRY--TOPICAL TERM | |
| Topical term or geographic name as entry element | School management and organization |
| 9 (RLIN) | 18164 |
| 650 ## - SUBJECT ADDED ENTRY--TOPICAL TERM | |
| Topical term or geographic name as entry element | School management and organization--Social aspects |
| 9 (RLIN) | 22775 |
| 700 ## - ADDED ENTRY--PERSONAL NAME | |
| Personal name | Rao, Digumarti Bhaskara |
| 9 (RLIN) | 4707 |
| 942 ## - ADDED ENTRY ELEMENTS (KOHA) | |
| Source of classification or shelving scheme | Dewey Decimal Classification |
| Koha item type | English Books |
| Classification part | 371.2 |
| Call number suffix | EDI |
| Withdrawn status | Lost status | Damaged status | Not for loan | Home library | Current library | Date acquired | Source of acquisition | Cost, normal purchase price | Total Checkouts | Full call number | Barcode | Date last seen | Copy number | Cost, replacement price | Price effective from | Koha item type |
|---|---|---|---|---|---|---|---|---|---|---|---|---|---|---|---|---|
| Central Library | Central Library | 02/07/2015 | Cen Lib/Ret | 500.00 | 371.2 EDI | B-092561 | 02/07/2015 | 1 | 500.00 | 02/07/2015 | English Books |
